000 00835nam a22002897a 4500
003 CHAP
005 20220329135758.0
008 971013s1910 r 00010 d
010 _a41940
011 _a42912
035 _a47042
040 _cCHAP
090 _aFolleto 6098
100 0 0 _aFourton, Leon.
_942776
245 _aToma de las muestra de abonos
260 _aMéxico, D.F. :
_bEstación Agrícola Central,
_c1910
300 _a6 p.
490 _aCircular CIASE
_v; 29
590 _aBATCH-UPD
_b10
_c20130110
_lUCH01
_h1421
590 _aCONVERSION
_b10
_c20130109
_lUCH01
_h1323
650 1 4 _aAbonos.
_9235
830 0 _aCircular CIASE
_v; 29
_923374
901 _aBK
942 _cFOLL
949 _aFolleto 6098
_bBC
_cBPP
_d-107056
_eBPP
_i47042
_mD
_si
949 _aFolleto 6098
_bBC
_cBPP
_d-107058
_eBPP
_fc.2
_i47042
_mD
_si
999 _c41940
_d41940